| 000 | 01051cam a2200289 a 4500 | ||
|---|---|---|---|
| 001 | 4017018 | ||
| 003 | NUST-PNEC | ||
| 005 | 20170114142442.0 | ||
| 008 | 970626s1998 maua 001 0 eng | ||
| 010 | _a 97028300 | ||
| 020 | _a0070119279 (alk. paper) | ||
| 040 |
_aDLC _cDLC _dDLC |
||
| 050 | 0 | 0 |
_aTJ265 _b.C43 1998 |
| 082 | 0 | 0 | _a621.4021 CEN |
| 100 | 1 |
_aCengel, Yunus A. _965 |
|
| 245 | 1 | 0 |
_aThermodynamics : _ban engineering approach / _cYunus A. Cengel, Michael A. Boles. |
| 250 | _a3rd ed. | ||
| 260 |
_aBoston : _bMcGraw Hill, _cc1998. |
||
| 300 |
_axxxix, 1010 p. : _bill. (some col.) ; _c25 cm. + _e1 computer disk (3 1/2 in.) |
||
| 500 | _aIncludes index. | ||
| 538 | _aSystem requirements for accompanying computer disk: IBM PC or 100% compatible; Windows 3.1 or higher. | ||
| 650 | 0 |
_aThermodynamics. _xME |
|
| 700 | 1 | _aBoles, Michael A. | |
| 906 |
_a7 _bcbc _corignew _d1 _eocip _f19 _gy-gencatlg |
||
| 942 |
_2ddc _cBK |
||
| 999 |
_c59964 _d59964 |
||